• 首页
  • 本馆介绍
  • 公告通知
  • 最新文献
  • 馆藏检索
  • 电子资源
  • 读者导购
  • 参考咨询
  • 我的图书馆
  • 登录
  • 详细信息显示
  • 放入我的书架
  • 预约/预借图书
  • 作者相关作品
  • 分类相关作品
  • 丛书相关作品
  • 出版社相关作品

书目信息

  • 表格格式
  • 工作单格式
  • 卡片格式
题名:
运动生物力学学习指导
    
 
作者: 李建设 , 潘慧炬 , 陆阿明 编
分册:  
出版信息: 北京   高等教育出版社  2000
页数: 126页
开本: 20cm
丛书名:
单 册:
中图分类: G804.6
科图分类:
主题词: 体育理论
电子资源:
ISBN: 7-04-007969-0
000 00705nam0 2200229 450
001 0632968953
005 20070626155714.54
010    @a7-04-007969-0@dCNY5.10
100    @a20060929d2000 km y0chiy0120 ea
101 0  @achi
102    @aCN@b110000
200 1  @a运动生物力学学习指导@Ayun dong sheng wu li xue xue xi zhi dao@f李建设,潘慧炬,陆阿明编@Fli jian she,pan hui ju,lu a ming bian
210    @a北京@c高等教育出版社@d2000
215    @a126页@c表格@d20cm
300    @a高等学校教材
606 0  @a体育理论
690    @aG804.6@v3
701  0 @a李建设@Ali jian she@4编
701  0 @a潘慧炬@Apan hui ju@4编
701  0 @a陆阿明@Alu a ming@4编
801  0 @aCN@bNISOFT@c20070626
905    @a10447@dG804.6@e176
    
    运动生物力学学习指导/李建设,潘慧炬,陆阿明编.-北京:高等教育出版社,2000
    126页:表格;20cm
    高等学校教材
    
    ISBN 7-04-007969-0:CNY5.10
    
●
相关链接 在E读中查询图书 在五车中查询图书 在当当中查询图书 在豆瓣中查询图书


正题名:运动生物力学学习指导     索取号:G804.6/176         预约/预借

序号 登录号 条形码 馆藏地/架位号 状态 备注
1 0493565   204935650   密集书库/ [索取号:G804.6/176] 在馆    
2 0493566   204935669   密集书库/ [索取号:G804.6/176] 在馆    
3 0494329   204943295   密集书库/ [索取号:G804.6/176] 在馆    
4 0502448   205024481   密集书库/ [索取号:G804.6/176] 在馆    
5 0684716   206847162   库房3/ [索取号:G804.6/176] 在馆    
6 0684717   206847171   库房3/ [索取号:G804.6/176] 在馆    
7 0684718   206847180   库房3/ [索取号:G804.6/176] 在馆    
8 0684719   206847199   库房3/ [索取号:G804.6/176] 在馆    
9 0684720   206847206   库房3/ [索取号:G804.6/176] 在馆    
唐山师范学院图书馆 欢迎您!
大连网信软件有限公司© 版权所有